000 00880nam a2200253Ia 4500
003 OSt
005 20220923213100.0
006 a|||||r|||| 00| 0
007 ta
008 220922b |||||||| |||| 00| 0 hin d
024 _a158,807
037 _cTextual
040 _aARTS
_cARTS
_bhin
041 _2hin
_ahin
082 _aO152,IN7:g, K0
100 _aचौहान, प्रतापसिंह
_9156365
245 0 _aकविता में प्रयोगवाद की परम्परा
246 _aKavitā mean prayogavād kī paramparā
260 _aलखनऊ
_b नवयुग ग्रंथागार
_c1960
300 _a87पृ.
_ccm.
650 _aहिन्दी साहित्य
_9156264
942 _hO152,IN7:g, K0
_cTEXL
_2CC
999 _c313554
_d313554